| 000 | 00674nas a22002291i#4500 | ||
|---|---|---|---|
| 001 | 1272 | ||
| 003 | ES-MaACL | ||
| 005 | 20250814224215.0 | ||
| 008 | 950801d19001904it m| | 1 ||ta d | ||
| 022 | _a1592-2502 | ||
| 080 | _a45 | ||
| 245 | 0 | 2 |
_aL'Italia coloniale _b: rivista mensile / _cdir. Giacomo Gobbi-Beleredi. |
| 260 |
_aRoma : _b[s.n.], _c1900-1904 ( _fTip. Cooperativa Sociale) |
||
| 300 |
_a1 v ; _c29 cm. |
||
| 310 | _aMensual | ||
| 362 | 0 | _aAño I (jul. 1900)-1904. | |
| 650 | 1 | 7 |
_aCiencias sociales _2embne _910988 |
| 700 | 1 |
_aGobbi-Beleredi, Giacomo, _edir. _9194147 |
|
| 852 |
_aES-MaACL _jT-1098-F-11 |
||
| 866 | 1 | _o(1900). | |
| 999 |
_c1272 _d1272 |
||